Alternate History: Y.A.A.V. Megali - Statistics

General Stats
  • This quiz has been taken 9 times
  • The average score is 67 of 203
Answer Stats
Answer % Correct
Canada
83%
Eire
83%
Finland
83%
French Free Republic
83%
French Republic
83%
French State
83%
Germany
83%
Italy
83%
Russian Soviet Socialist Republic
83%
United Kingdom
83%
United States
83%
Albania
67%
Australia
67%
Bulgaria
67%
Croatia
67%
Egypt
67%
Greece
67%
Indonesia
67%
Italian East Africa
67%
Japan
67%
Mongolia
67%
New Zealand
67%
Romania
67%
Serbia
67%
Spain
67%
Switzerland
67%
Argentina
50%
Belgien-Nordfrankreich
50%
Bhutan
50%
Bolivia
50%
Brazil
50%
British Honduras
50%
British West Africa
50%
Cambodia
50%
Chile
50%
China
50%
Colombia
50%
Costa Rica
50%
Cuba
50%
Dänemark
50%
Democratic Republic of the Congo
50%
Free Belgian Forces
50%
Free Netherlands
50%
Free Norway
50%
French West Africa
50%
Generalgouvernement
50%
Gray Ukraine
50%
Honduras
50%
Hungary
50%
Iceland
50%
Indian National Movement
50%
Iran
50%
Kenya African Union
50%
Laos
50%
Liechtenstein
50%
Manchukuo
50%
Mexico
50%
Nepal
50%
Neutral Congo
50%
Niederlande
50%
Northern Front
50%
Norwegen
50%
Ostland
50%
Paraguay
50%
Peru
50%
Philippines
50%
Polish Underground
50%
Portugal
50%
Protectorate of Kenya
50%
South Africa
50%
Sovereign India
50%
Thailand
50%
Tibet
50%
Turkey
50%
Uganda National Congress
50%
Ukraine
50%
Uruguay
50%
Vietnam
50%
Afghanistan
33%
Amur
33%
Andorra
33%
Arabia
33%
Aryania
33%
Böhmen-Mähren
33%
Burma
33%
Burundi
33%
Dominican Republic
33%
El Salvador
33%
Georgia
33%
Guatemala
33%
Haiti
33%
Kaukasien
33%
Kazakh Republic
33%
Kazakh SSR
33%
Kazakh State
33%
Monaco
33%
Moskowien
33%
Oman
33%
Ruanda
33%
Russian Republic
33%
Sinkiang
33%
Slovakia
33%
Suriname
33%
Sweden
33%
Tanganyika Territory
33%
Togoland
33%
Tsardom of Russia
33%
Turkestan
33%
Turkestan Legion
33%
Venezuela
33%
Yemen
33%
Aceh
17%
Acre
17%
Afghan Revolutionary Forces
17%
Aïr
17%
Altai Republic
17%
Arkhangelsk Soviet
17%
Atyrau
17%
Azad Hind
17%
Balochistan
17%
Berar
17%
Buganda
17%
Bunyoro
17%
Buryatia
17%
Crimea
17%
Don
17%
Far Eastern Republic
17%
Faroe Islands
17%
Free Equatorial Africa
17%
Free Sudan
17%
Guangdong
17%
Hyderabad
17%
Idel-Ural Republic
17%
Irkutsk
17%
Italian Protectorate in Tanganyika
17%
Jewish Autonomy
17%
Jewish Free State
17%
Kamerun
17%
Kashmir
17%
Katanga
17%
Kivu
17%
Liberia
17%
Lombardy-Venetia
17%
Luluabourg
17%
Madagascar
17%
Makhnovshchina
17%
Malaya
17%
Mengjiang
17%
Montenegro
17%
Mysore
17%
Nicaragua
17%
Nigerien Command
17%
North Borneo
17%
Polynesia
17%
Punjab and Kalat
17%
Rio do Sul
17%
Roraima
17%
Sahel State
17%
San Marino
17%
Sichuan
17%
Sikkim
17%
Tamilistan
17%
Tanganyika African Association
17%
Tomsk
17%
Travancore
17%
Turkmen Military Government
17%
Tuva
17%
Volgograd
17%
West Irian
17%
Xibei San Ma
17%
Yunnan
17%
Zambia
17%
Zanzibar
17%
Acadia
0%
Amapa
0%
Azad Kashmir
0%
Bashkortostan
0%
Bombay Presidency
0%
Chukotka
0%
Cochinchina
0%
Greenland
0%
Hausaland
0%
Komi
0%
Madras Presidency
0%
Miskito
0%
Muslim League
0%
Ndebele Confederacy
0%
Newfoundland and Labrador
0%
Northern Provinces
0%
Omsk
0%
Order of Saint George
0%
Pernambuco
0%
Quebec
0%
Quit India Movement
0%
Rajputan
0%
Rhodesia
0%
Shaan-Gan-Ning
0%
Shanxi
0%
Shona Confederacy
0%
Tswana State
0%
Tswana Zambezi Front
0%
Tyumen
0%
Vladivostok-Outer Manchukuo
0%
No matching quizzes found
Score Distribution
Percent of People with Each Score
Percentile by Number Answered
Your Score History
You have not taken this quiz